Statistiques concernant Terminus lignes Soyeuses Lyon (TCL)

Cliquez ici pour prendre le quiz!

Statistiques générales

  • Ce quiz a été pris 10 fois
  • Le résultat moyen est 15 sur 22

Statistiques - réponses

LigneArrondissementsTerminus% Correct
S1Lyon 5eGare Saint-Paul
100%
S1Lyon 2eConfluence Rambaud
88%
S12Lyon 4eCroix-Rousse
88%
S4 (circulaire)Lyon 4eCroix-Rousse
88%
S6Lyon 4eCroix-Rousse
88%
S12Lyon 1erHôtel de Ville Louis Pradel
88%
S6Lyon 1erHôtel de Ville Louis Pradel
88%
S11Lyon 9eGare de Vaise
75%
S11Lyon 9eLe Château Duchère
75%
S15ÉcullyLes Sources
75%
S9Saint-Genis-LavalMoly
75%
S15ÉcullyEcully Le Trouillat
63%
S9Saint-Genis-LavalJean Giono
63%
S14 (circulaire)Neuville-sur-SaôneNeuville
63%
S5Caluire-et-CuireCaluire Bords de Saône
50%
S10Lyon 9eJoannès Carret
50%
S10Lyon 9eLycée Jean Perrin
50%
S8Rillieux-la-PapeRillieux Vancia
50%
S8Rillieux-la-PapeLa Buissière Viralamande
38%
S7 (circulaire)Saint-Cyr-au-Mont-d'OrLa Chaux Ecole de Champlong
38%
S2 (circulaire)La Tour-de-SalvagnyLa Tour de Salvagny Mairie
38%
S5Caluire-et-CuireVieux Crépieux
38%

Distribution des résultats

Percentile par nombre de réponses

% des personnes avec chaque résultat

Votre développement - résultats

Vous n’avez pas pris ce quiz